[Event "EU-chT U12"]
[Site "Rhodes"]
[Date "2024.06.27"]
[Round "7"]
[White "Juranovic, Ljudevit"]
[Black "Icoz, Cinar"]
[Result "0-1"]
[WhiteElo "1736"]
[BlackElo "1651"]
[PlyCount "100"]
[EventDate "2024.06.21"]
[EventType "team-swiss"]
[EventRounds "7"]
[EventCountry "GRE"]
[SourceTitle "CBM 221 Extra"]
[Source "ChessBase"]
[SourceDate "2024.09.30"]
[SourceVersion "1"]
[SourceVersionDate "2024.09.30"]
[SourceQuality "1"]
[WhiteTeam "Croatia U12"]
[BlackTeam "Turkey U12"]
[WhiteTeamCountry "CRO"]
[BlackTeamCountry "TUR"]

1. d4 Nf6 2. c4 e6 3. Nf3 b6 4. g3 Ba6 5. Qc2 c5 6. Bg2 Nc6 7. e3 d5 8. cxd5 Nb4 9. Qa4+ Qd7 10. Qxd7+ Nxd7 11. Kd2 Nxd5 12. Nc3 cxd4 13. Nxd4 Bb4 14. a3 Bxc3+ 15. bxc3 0-0 16. Bb2 Ne5 17. Bf1 Bxf1 18. Rhxf1 Nc4+ 19. Kc2 Ndxe3+ 20. fxe3 Nxe3+ 21. Kd3 Nxf1 22. Rxf1 Rfd8 23. Ke3 Rac8 24. Nf3 Rc5 25. Rf2 e5 26. Ng5 Rcd5 27. Ne4 Rd3+ 28. Ke2 f6 29. g4 h6 30. Rf1 Kf7 31. c4 Rb3 32. Bxe5 Ke6 33. Ba1 Rxa3 34. Ng3 Ra2+ 35. Ke3 Rxh2 36. Nf5 Rd7 37. Ke4 Re2+ 38. Kf3 Red2 39. Ke4 Rd1 40. Nxg7+ Kf7 41. Rxf6+ Kxg7 42. Rd6+ Kh7 43. Rxd7+ Rxd7 44. Be5 a5 45. Bc3 Kg6 46. Ke5 Rd3 47. Bb2 a4 48. Ke4 Rb3 49. Bd4 a3 50. Kd5 Rd3 0-1

[Event "EU-chT U12"]
[Site "Rhodes"]
[Date "2024.06.24"]
[Round "4"]
[White "Icoz, Cinar"]
[Black "Skarlovnik, Aljaz"]
[Result "1-0"]
[WhiteElo "1651"]
[BlackElo "1693"]
[PlyCount "61"]
[EventDate "2024.06.21"]
[EventType "team-swiss"]
[EventRounds "7"]
[EventCountry "GRE"]
[SourceTitle "CBM 221 Extra"]
[Source "ChessBase"]
[SourceDate "2024.09.30"]
[SourceVersion "1"]
[SourceVersionDate "2024.09.30"]
[SourceQuality "1"]
[WhiteTeam "Turkey U12"]
[BlackTeam "Slovenia U12"]
[WhiteTeamCountry "TUR"]
[BlackTeamCountry "SLO"]

1. e4 c5 2. Nc3 d6 3. d4 cxd4 4. Qxd4 Nc6 5. Qd2 g6 6. b3 Bg7 7. Bb2 Nf6 8. 0-0-0 0-0 9. f3 a6 10. g4 Qa5 11. Kb1 Be6 12. h4 h5 13. gxh5 Nxh5 14. Nge2 Rac8 15. Bh3 Bxh3 16. Rxh3 e5 17. Qg5 Qd8 18. Qg2 Nd4 19. Rhh1 b5 20. Nxd4 Nf4 21. Qh2 exd4 22. Nd5 Nxd5 23. exd5 Qb6 24. h5 Be5 25. f4 d3 26. Rxd3 Qc5 27. fxe5 dxe5 28. hxg6 Kg7 29. Qxe5+ f6 30. Rh7+ Kxg6 31. Qh5# 1-0

[Event "EU-chT U12"]
[Site "Rhodes"]
[Date "2024.06.22"]
[Round "2"]
[White "Gibala, Adam"]
[Black "Icoz, Cinar"]
[Result "1-0"]
[WhiteElo "2123"]
[BlackElo "1651"]
[PlyCount "83"]
[EventDate "2024.06.21"]
[EventType "team-swiss"]
[EventRounds "7"]
[EventCountry "GRE"]
[SourceTitle "CBM 221 Extra"]
[Source "ChessBase"]
[SourceDate "2024.09.30"]
[SourceVersion "1"]
[SourceVersionDate "2024.09.30"]
[SourceQuality "1"]
[WhiteTeam "Poland U12"]
[BlackTeam "Turkey U12"]
[WhiteTeamCountry "POL"]
[BlackTeamCountry "TUR"]

1. d4 Nf6 2. c4 e6 3. g3 d5 4. Bg2 dxc4 5. Nf3 a6 6. 0-0 Nc6 7. e3 Bd7 8. Qe2 b5 9. b3 cxb3 10. axb3 Bd6 11. Bb2 0-0 12. Rc1 Nd5 13. Nbd2 a5 14. Ne4 a4 15. bxa4 Na5 16. Nfd2 bxa4 17. Nxd6 cxd6 18. Ba3 Bc6 19. e4 Ne7 20. Qd3 Qd7 21. d5 exd5 22. exd5 Bb5 23. Qd4 Rfc8 24. Bb2 f6 25. Re1 Nc4 26. Nxc4 Rxc4 27. Qd2 Rac8 28. Ba3 Rc2 29. Qf4 Bc4 30. Qe4 Qf5 31. Qxf5 Nxf5 32. Be4 Nd4 33. Bxd6 Re2 34. Be7 f5 35. Bg2 Kf7 36. d6 Rxe1+ 37. Rxe1 Be6 38. Rd1 a3 39. d7 Bxd7 40. Bxa3 Bb5 41. Rxd4 Ra8 42. Bxa8 1-0